[Event "Vinkovci"]
[Site "Vinkovci"]
[Date "1995.??.??"]
[Round "?"]
[White "Kovacevic, Vlatko"]
[Black "Hulak, Krunoslav"]
[Result "1-0"]
[WhiteElo "2520"]
[BlackElo "2545"]
[Annotator "Stohl,I"]
[PlyCount "39"]
[EventDate "1995.04.??"]
[EventType "tourn"]
[EventRounds "11"]
[EventCountry "CRO"]
[EventCategory "9"]
[SourceTitle "CBM 048"]
[Source "ChessBase"]
[SourceDate "1995.10.01"]
[SourceVersion "1"]
[SourceVersionDate "1995.10.01"]
[SourceQuality "1"]

1. d4 e6 2. Nf3 c5 3. e3 Nf6 4. Bd3 b6 5. O-O Bb7 6. Nbd2 (6. b3 cxd4 (6... Nc6
7. a3 Be7 8. Bb2 O-O 9. c4 cxd4 10. exd4 d5 11. Nbd2 Rc8 12. Rc1 Qc7 13. Qe2
Rfd8 14. c5 a5 15. Rfe1 Nd7 16. cxb6 Qxb6 17. Qe3 Ba6 18. Bb1 Nf8 19. Ne5 Nxe5
20. Qxe5 Bd6 $15 {Campos,LM-Chernin,A/Benidorm/1993/}) 7. exd4 Nc6 8. Bb2 Be7
9. a3 O-O 10. Nbd2 Re8 11. Qe2 Bf8 12. Ng5 g6 13. Nde4 Nd5 14. Nxf7 $6 Kxf7 15.
Qf3+ Kg8 16. c4 Bg7 $1 17. cxd5 Nxd4 $36 {Yusupov,A-Arnason,J/Thessaloniki olm/
1988/}) 6... cxd4 7. exd4 Be7 8. Re1 (8. c4 d5 9. b3 O-O 10. Bb2 Nc6 11. Qe2
$10 {-E14}) 8... O-O 9. b3 (9. a4 $6 a6 10. Nf1 d6 11. Ng3 Nbd7 12. b3 Re8 13.
Ba3 Bf8 14. h3 Qc7 15. c4 a5 16. Rc1 Rad8 17. Bf1 g6 18. Ng5 Qb8 19. Qd2 Qa8
20. Rc3 Qb8 21. Be2 Bg7 $15 {Kovacevic,Vlado-Hulak,K/Zagreb/1985/}) 9... Nc6 (
9... d6 10. Bb2 Nbd7) (9... d5 $6 10. Bb2 $14 {[%cal Rf3e5,Re1e3] /\Ne5,Re3,
->>>}) 10. a3 Rc8 11. Bb2 Rc7 $146 (11... Re8 12. Rc1 d5 13. Qe2 Bf8 14. b4 g6
15. Ne5 a5 16. b5 Nxe5 17. dxe5 Nd7 18. Qe3 Qh4 19. Nf3 Qh6 20. Qd4 Nc5 21. Qg4
Qh5 22. Qxh5 gxh5 23. Ng5 Nxd3 24. cxd3 a4 25. h4 $13 {1/2-1/2,Yusupov,
A-Polugaevsky,L/URS-ch50 Moscow/1983/}) 12. Ng5 $5 {[%cal Rd3h7,Rb2g7] ^^->Kg8}
g6 $6 (12... Qa8 $2 13. d5 $1 exd5 14. Rxe7 Nxe7 15. Bxf6 gxf6 16. Qh5 $18) (
12... h6 $5 13. Nge4 (13. Nh3 d6 14. Nf4 Re8 $10 {[%cal Ye7f8,Ye6e5] /\Bf8,e5})
13... Nxe4 14. Nxe4 (14. Bxe4 Bf6 $10) 14... f5 15. Nd2 Bf6 16. Nf3 Ne7 $132 {
[%cal Ye7g6,Yg6f4,Rb7h1] /^a8-h1,/\Ng6-f4|^}) 13. Ndf3 d5 (13... d6 14. c4 $36)
14. Qd2 (14. Ne5 Nxe5 15. dxe5 Ne4 $1 $8 16. Nf3 (16. Nxe4 dxe4 17. Bc4 (17.
Bxe4 Qxd1 18. Raxd1 Bxe4 19. Rxe4 Rxc2 $17) 17... Rd7 $15 {[%cal Rd7d2] <->d})
16... Bc5 17. Bd4 Ng5 $10) 14... Qc8 15. b4 $6 {[%csl Rc2,Rc3,Rc4] בc,
unnecessarily weakens the c-file, especially c4.} (15. Rac1 $142 $5 {/\Ne5+/=})
(15. Ne5 $2 Nxe5 16. dxe5 Ne4 $36) 15... Nd8 $1 {[%cal Yf6e4] /\Ne4} 16. Rac1
Ne8 17. Rcd1 Nd6 {[%csl Rc4]} 18. Bc1 f6 $4 (18... Nc4 19. Qf4 $36) (18... Ne4
19. Nxe4 dxe4 20. Bxe4 Bxe4 21. Rxe4 Rxc2 22. Qh6 f6 {/\Nf7=} (22... f5 $6 23.
Ree1 Nf7 24. Qe3 $16)) (18... Bf6 $5 $13 {[%cal Yf6g7,Yh7h6] /\Bg7,h6}) 19.
Nxh7 $1 $18 Kxh7 $2 (19... Rf7 $8 20. Bxg6 Rg7 (20... Rxh7 21. Bxh7+ Kxh7 22.
Qh6+ Kg8 23. Qg6+ Kh8 24. Ne5 $1 {[%cal Re1e3,Rd1d3] /\Rd3,Re3+-}) 21. Qh6 N8f7
22. Qh5 $18 {->}) 20. Qh6+ (20. Qh6+ Kg8 21. Qxg6+ Kh8 22. Qh7#) 1-0

[Event "Paris"]
[Site "Paris"]
[Date "1994.??.??"]
[Round "3"]
[White "Kosten, Anthony C"]
[Black "Rotstein, Arkadij"]
[Result "0-1"]
[WhiteElo "2515"]
[BlackElo "2480"]
[Annotator "Stohl,I"]
[PlyCount "61"]
[EventDate "1994.04.??"]
[EventType "tourn"]
[EventRounds "9"]
[EventCountry "FRA"]
[EventCategory "10"]
[SourceTitle "CBM 042"]
[Source "ChessBase"]
[SourceDate "1994.10.01"]
[SourceVersion "1"]
[SourceVersionDate "1994.10.01"]
[SourceQuality "1"]

1. d4 Nf6 2. Bg5 e6 3. e4 h6 4. Bxf6 Qxf6 5. Nf3 (5. Nc3 d6 6. Qd2 g5 $5 $13)
5... b6 6. Bd3 Bb7 7. Nbd2 Qd8 (7... d6 8. Qe2 (8. e5 Qd8 9. Qe2 Nd7 10. O-O-O
Be7 11. Kb1 d5 $5 12. c4 dxc4 13. Bxc4 c6 14. Ne4 Qc7 15. Rc1 Rd8 16. h4 c5 17.
Rhd1 O-O 18. Bd3 Qb8 19. dxc5 bxc5 20. Ned2 Nb6 21. g3 Rd7 $36 {Fernandes,
An-Olafsson,H/Novi Sad olm/1990/}) 8... Nd7 9. Ba6 $5 $14 {()}) 8. Qe2 Be7 (
8... d6 9. O-O Be7 10. d5 e5 $5 11. a4 Kf8 12. a5 g6 13. b4 Kg7 14. Nb3 c6 15.
dxc6 Bxc6 16. Rfd1 Qc7 17. c4 Nd7 18. Rac1 Rab8 19. a6 Nf6 20. Nfd2 Nh5 21. g3
Qc8 $15 {Laszlo,J-Csom,I/HUN-chT1 9394/1994/}) 9. O-O-O c5 $1 10. d5 $5 (10. e5
{/\Be4} cxd4 11. Be4 Bxe4 $5 (11... Nc6 12. Nb3 $14) 12. Qxe4 (12. Nxe4 Nc6 {
><e5}) 12... Nc6 13. Nxd4 Rc8 $10) 10... exd5 11. exd5 Bxd5 $5 (11... O-O 12.
Qe4 g6 13. Qf4 $14) 12. Qe5 Be6 13. Qxg7 Bf6 14. Qg3 d5 $13 {[+]} 15. c4 $1 (
15. Rhe1 Kf8 $132) 15... Kf8 16. Qf4 (16. cxd5 Bxd5 17. Be4 Nc6 {/\} 18. Nc4
Bd4 $1 19. Nxd4 Nxd4 20. Qd6+ Qxd6 21. Nxd6 $10) 16... Rg8 $5 17. Qxh6+ (17.
Ne4 $5 Bg7 (17... dxe4 $2 18. Bxe4 Nd7 19. Bxa8 Qxa8 20. Rxd7 Bxd7 21. Qxf6 $16
) (17... Bg5 18. Nexg5 hxg5 19. Qg3 $36) 18. Ng3 Qf6 19. Qxf6 Bxf6 20. cxd5
Bxd5 21. Be4 $14) 17... Bg7 18. Qf4 Nc6 19. Bh7 $2 (19. Ng5 $2 Qxg5 $1 20. Qxg5
Bxb2+ 21. Kxb2 Rxg5 $15) (19. cxd5 $13) 19... Rh8 20. Ng5 Nd4 {Ne2-+} 21. Rhe1
Bf5 $3 22. Re5 (22. Bxf5 Qf6 $1 {/\Ne2!,Nb3!} 23. Ne6+ Nxe6 24. Qd6+ Kg8 $19)
22... Rxh7 $1 (22... Bxe5 23. Qxe5 Rxh7 24. Nxh7+ Bxh7 25. Qh8+ Bg8 26. Qh6+
$132) 23. Rde1 (23. Rxf5 Ne2+) 23... Rh5 24. h4 Rxg5 $6 (24... Bxe5 25. Qxe5 f6
$19) 25. hxg5 Bg6 26. Rxd5 Qc8 $40 27. Ne4 (27. Qe3 $142 $17) 27... Qa6 $1 $19
28. Qd6+ Kg8 29. Qe7 Qxc4+ 30. Nc3 Qd3 31. Rd8+ (31. Rd8+ Rxd8 32. Qxd8+ Bf8 {
/\Qc2#}) 0-1

[Event "Leon"]
[Site "Leon"]
[Date "1997.06.11"]
[Round "7"]
[White "Izeta Txabarri, Felix"]
[Black "Granda Zuniga, Julio E"]
[Result "1-0"]
[WhiteElo "2490"]
[BlackElo "2620"]
[Annotator "Stohl,I"]
[PlyCount "67"]
[EventDate "1997.06.05"]
[EventType "tourn"]
[EventRounds "9"]
[EventCountry "ESP"]
[EventCategory "10"]
[SourceTitle "CBM 060"]
[Source "ChessBase"]
[SourceDate "1997.09.29"]
[SourceVersion "1"]
[SourceVersionDate "1997.09.29"]
[SourceQuality "1"]

1. d4 Nf6 2. Nf3 b6 3. Bg5 Bb7 4. Nbd2 e6 5. e4 $5 $36 {The most ambitious
continuation. Although compared to the line 2.Bg5 e6 3.e4 White's N is already
on f3 and disables an f4 advance, Black, on the other hand, has comitted his B
to b7. On this square it can be easily exchanged.} h6 6. Bxf6 Qxf6 7. Bd3 c5 $6
{A very dangerous move. Black is behind in development and White has more
space and central control, therfore opening the position should be
advantageous for him.} ({More in the spirit of the position is} 7... g6 8. O-O
(8. c3 Bg7 9. Qe2 Qe7 10. Nc4 (10. e5 d6 11. O-O Nd7 12. Be4 Bxe4 13. Qxe4 d5
14. Qe2 O-O 15. a4 c5 16. a5 c4 17. g3 Rfb8 18. axb6 axb6 19. Nh4 b5 20. f4 b4
21. Ndf3 h5 22. Ng2 Nb6 23. h3 bxc3 24. bxc3 Ra3 $36 {Shirazi,K-Karpov,A/World
Blitz/1988/}) 10... d6 11. O-O-O Nd7 12. Rhe1 a6 13. Kb1 Rb8 14. Nfd2 O-O 15.
f4 b5 16. Na5 c5 17. e5 c4 18. exd6 Qxd6 19. Nxb7 Rxb7 20. Be4 Rbb8 21. g3 Rfc8
22. Bf3 b4 $40 {Sjodahl,P-Hracek,Z/EU-chJ U20 Arnhem/1989/}) (8. Qe2 Bg7 9. e5
Qe7 10. Be4 Nc6 11. O-O-O O-O-O 12. c3 g5 13. h3 f5 14. Bd3 h5 15. Kb1 g4 16.
Ne1 Kb8 17. Nc2 Qf7 18. Ba6 Ba8 19. Nb3 Ne7 20. Rhg1 Ng6 21. Nb4 Nf4 22. Qc4
Bf8 23. Nc5 Nd5 24. Ncd3 f4 25. a3 f3 $17 {Spangenberg,H-Garcia Palermo,C/
Trelew Clarin op/1995/}) 8... Bg7 9. e5 Qe7 10. c3 O-O 11. Be4 Bxe4 12. Nxe4 d6
13. Qe2 Nd7 14. Ng3 a6 15. Rad1 Rfc8 16. Rfe1 d5 17. c4 dxc4 18. Qxc4 c5 19. d5
b5 20. d6 Qd8 21. Qc3 c4 22. b3 Qb6 23. Rc1 b4 24. Qc2 c3 25. Re3 a5 26. Rce1
Rc5 27. h3 $11 {Genius-Hoeksema,E/Hague AEGON/1997/}) ({Similar is} 7... d6 8.
c3 Nd7 9. Qe2 g6 10. Ba6 Bxa6 11. Qxa6 Qd8 12. O-O-O Qc8 13. Qa4 Qb7 14. h4 b5
15. Qc2 a5 16. Qd3 c5 17. d5 c4 18. Qe3 e5 19. Ne1 h5 20. g3 Bh6 21. f4 Qa7 22.
Qf3 Qc5 23. Ng2 b4 24. Nb1 exf4 25. gxf4 Ne5 $40 {Paasikangas,J-Schinis,M/
Tallinn op/1997/}) (7... Nc6 8. c3 g5 9. e5 Qg7 10. Ne4 Be7 11. Qe2 O-O-O 12.
Ba6 Kb8 13. Bxb7 Kxb7 14. O-O-O d5 $14 {1/2,Gausel,E-Martin,A/Gausdal TM/1988/}
) 8. e5 $1 ({Too soft is} 8. c3 cxd4 9. cxd4 Nc6 10. e5 Qd8 11. O-O (11. Rc1 f5
12. a3 Be7 13. d5 Nb8 14. d6 Bg5 15. O-O Nc6 16. Re1 O-O 17. b4 Rc8 18. Qb3 Qe8
19. Bb5 Qg6 20. Nxg5 Nd4 21. Qe3 Nxb5 22. Ngf3 f4 23. Qe2 Nd4 24. Qd1 Rxc1 25.
Qxc1 Nxf3+ 26. Nxf3 Bxf3 {0-1,Bornand,H-Scherer,M/Schweiz op/1994/}) 11... d6
$2 (11... Be7 $13) 12. Rc1 Qd7 13. d5 $1 exd5 14. Re1 Kd8 15. Bb5 a6 16. Bxc6
Bxc6 17. e6 fxe6 18. Nd4 Ba4 19. Qg4 e5 20. Ne6+ Ke7 21. Rc7 $18 {De Santis,
A-Contin,D/ITA-ch Verona/1995/}) 8... Qd8 9. dxc5 $146 (9. c3 d6 (9... Nc6 $142
{leads to a similar position as above.}) 10. Qe2 dxe5 11. dxe5 Be7 12. Rd1 Qc7
13. Ne4 Nc6 14. Nd6+ Bxd6 15. exd6 Qxd6 16. O-O Qc7 17. Rfe1 Ne7 $2 18. Bb5+
Nc6 19. Ne5 Rd8 20. Qe4 {1-0,Alonso,A-Vega,S/Las Palmas op/1996/}) ({
Interesting also is} 9. Be4 $5 Qc7 10. O-O Be7 11. dxc5 bxc5 12. Bxb7 Qxb7 13.
Nc4 O-O 14. Qd3 Nc6 15. Rad1 Rad8 16. c3 Qa6 17. a3 Qb5 18. Rd2 f6 19. Rfd1 Qb8
20. Qg6 Qc7 21. h3 Rf7 22. Qg3 Bf8 23. Nh2 $1 $16 {Buckmire,R-Adams,M/Oakham
YM/1986/}) 9... Bxc5 10. Ne4 (10. Be4 $5 $14) 10... Qc7 (10... Be7 $5 $132 {
[%csl Re5][%cal Yd8c7,Yb8c6] /\Qc7,Nc6<=>><e5}) 11. Nxc5 bxc5 12. Qe2 (12. O-O
$5 Nc6 (12... Bxf3 13. Qxf3 Nc6 14. Be4 Rc8 15. Bxc6 (15. Qg3 Qxe5 16. Bxc6
Qxg3 17. Bxd7+ Kxd7 18. hxg3 Rhd8 $11) 15... Qxc6 16. Qg3 O-O 17. Rfd1 $36 {
[%csl Rd7][%cal Gd1d7] ><d7,<->d,()}) 13. Qe2 Nb4 14. Be4 Bxe4 15. Qxe4 Qc6 16.
Qc4 $1 $14) 12... Bxf3 $5 13. gxf3 (13. Qxf3 $2 Qxe5+) 13... Nc6 14. f4 $13 {
[%csl Re8][%cal Gg1g6,Gd1d6] An interesting position arose. White's pawn
structure is in shambles, but he has open files for his R (<->d,g) and Black's
K has no choice but to stay in the middle. White has good attacking chances.}
Rb8 (14... d5 15. exd6 Qxd6 16. f5 $40) 15. c3 g5 {Gains a pawn, but weakens
his position even more} 16. O-O-O $8 (16. fxg5 $2 hxg5 $17 {[%csl Re5] ><e5})
16... gxf4 17. Rhe1 Qd8 (17... Rg8 $142 $5 18. Bb5 Rg5 19. Bxc6 Qxc6 20. Rd6
Qc7 21. Red1 $44) 18. Rg1 $1 (18. Bb5 $6 f3 {[%cal Rd8g5] /\Qg5-/+}) 18... Qh4
(18... f3 19. Qe4 $36) 19. f3 Qh5 20. Rge1 {[%csl Rh5] Although White's R had
to leave the g-file, Black's K remains a serious problem and now his Q is in
offside too. In the game White, despite some hesitation, (respect?!) breaks
through with his attack.} (20. Rde1 Ke7 $5 $13) 20... Ke7 (20... Rg8 21. Bb5 $1
$40 {[%cal Re2d3] /\Qd3} Qxe5 $2 22. Bxc6 Qxe2 23. Bxd7+ $18) 21. Bc2 {[%cal
Rc2a4,Gd1d7] /\Ba4,<->d} (21. Bb5 $2 Nxe5 $1 (21... Qxe5 22. Rxd7+ $18) 22.
Qxe5 Qxe5 23. Rxd7+ Kf6 $19) 21... Rbc8 $6 (21... Rb6 $5 22. Ba4 Rhb8 $132) 22.
Ba4 $40 Qf5 23. Bc2 $6 (23. Qd2 $1 Nxe5 (23... Rhd8 24. Qd6+ Ke8 25. Rg1 $18)
24. Qd6+ Kf6 25. Rd5 $18) 23... Qh5 24. Ba4 (24. Qd3 $1 $40) 24... Rhg8 25. Rd2
$1 (25. Qd3 $6 Nxe5 26. Qd6+ Kf6 27. Rd5 Rg5 28. h4 Rf5 29. Bc2 Rc6 $19) (25.
Bxc6 Rxc6 26. Qd2 Rd8 27. Qxf4 Qg5 $11) 25... Qf5 (25... Rg5 26. Qd3 $40) 26.
Bc2 Qh5 27. Ba4 (27. Qd3 $142 $1 Rcd8 (27... Nxe5 $2 28. Qd6+ Kf6 29. Rd5 Rg5
30. h4 $18) 28. Ba4 $1 {/\} (28. Qd6+ $6 Ke8 29. Qxc5 Rg5 30. Rde2 f6 $13 (
30... Qxf3 $2 31. Be4 Nxe5 32. Qxe5 $1 Qxe2 33. Qh8+ Ke7 34. Qxd8+ Kxd8 35.
Rxe2 $16)) 28... Nxe5 29. Qd6+ Kf6 30. Rd5 Rg5 31. h4 Rf5 32. Bc2 Nc4 33. Rxf5+
Qxf5 34. Qc7 $18) 27... Qf5 28. Bc2 (28. Qa6 Rgd8 (28... Rc7 29. Bxc6 Rxc6 30.
Rxd7+ $1 Kxd7 31. Qb7+ $18) (28... Nxe5 29. Qd6+ Kf6 30. Rd5 $1 $18) 29. Bxc6
Rxc6 30. Qxa7 $16) 28... Qh5 29. Qd3 Nxe5 $2 {A tactical mistake, but the
attack is strong enough anyway.} (29... Rgd8 30. Qd6+ Ke8 31. Rg1 $18) (29...
Rcd8 $8 30. Ba4 $1 $16) 30. Qd6+ Kf6 31. Rd5 Rg5 $8 32. h4 $1 $18 Qxh4 33.
Rdxe5 Rc6 34. Qxd7 (34. Qxd7 Rxe5 35. Qd8+ Kg7 36. Qxh4 $18) 1-0